1er Centenario de La Confianza : 1876 - 1976 1876 - 1976
Descripción Física:
12 p. ; 30 cm
Materias:
La Confianza -- Centenaris, etc.
MARC
| LEADER | 00000nam a2200000Ia 4500 | ||
|---|---|---|---|
| 001 | 19204 | ||
| 008 | 160829s1976 xx 000 0 cat d | ||
| 080 | |a FU-3-7 | ||
| 245 | |a 1er Centenario de La Confianza : |b 1876 - 1976 | ||
| 260 | |a Barcelona : |b Grafisa, |c 1976 | ||
| 300 | |a 12 p. ; |c 30 cm | ||
| 590 | |a Amb la col·laboració de la Caixa d'Estalvis Provincial de la Diputació de Barcelona | ||
| 650 | |a La Confianza |x Centenaris, etc. |9 45315 | ||
| 901 | |a Arxiu | ||
| 942 | |n 1 | ||
| 952 | |0 0 |1 0 |4 0 |6 FU37 |7 1 |9 52503 |a Arxiu |b Arxiu |d 2016-12-01 |l 0 |o FU-3-7 |p 19204 |r 2016-12-01 00:00:00 |w 2016-12-01 |y ARXIU | ||
| 999 | |c 56351 |d 56351 | ||